[Event "2nd Kalyan Dombivali 2019"]
[Site "Kalyan"]
[Date "2019.02.01"]
[Round "7"]
[White "Vedant Nitin vekhande"]
[Black "Ramnathan, Balasubramaniam"]
[Result "0-1"]
[WhiteElo "1564"]
[BlackElo "2191"]
[Annotator "TA"]
[PlyCount "134"]
[EventDate "2019.01.28"]
[EventType "swiss"]
[EventRounds "10"]
[EventCountry "IND"]
[SourceTitle "playchess.com"]
[Source "ChessBase"]
[SourceQuality "1"]

{[%evp 15,133,14,41,26,49,39,45,-8,23,6,18,6,19,22,0,11,28,21,18,13,37,0,18,15,22,13,12,1,31,20,16,0,4,-7,0,0,0,0,0,0,0,-137,-149,-143,-157,-199,-185,-159,-144,-139,-135,-139,-148,-245,-247,-331,-319,-316,-314,-322,-318,-311,-238,-343,-345,-351,-341,-335,-343,-340,-331,-333,-316,-481,-481,-417,-533,-471,-450,-459,-459,-1562,-1308,-1260,-1262,-1254,-1200,-1712,-1489,-1446,-1065,-1441,-1236,-7671,-4133,-5734,-4129,-4821,-4054,-29964,-29965,-5750,-5585,-29985,-29986,-29986,-29985,-29992,-29993,-29993,-29994,-29994,-29995,-29996,-29997,-29997,-29998,-29998,-29999,-29999]} 1. e4 e5 2. Nf3 Nf6 3. Nxe5 d6 4. Nf3 Nxe4 5. d3 Nf6 6. d4 Be7 ({Predecessor:} 6... Bg4 7. Bd3 Be7 8. h3 Bh5 9. Bf4 O-O 10. O-O {0-1 (47) Spangenberg,H (2510)-Zarnicki,P (2435) Buenos Aires 1994}) 7. Bd3 O-O 8. O-O Bg4 9. Bf4 $146 {C42: Petroff Defence: 3 Nxe5 and unusual White 3rd moves} (9. h3 Bh5 10. Re1 c5 11. dxc5 dxc5 12. g4 Bg6 13. Bxg6 hxg6 14. Qxd8 Bxd8 15. Bf4 Bb6 16. Na3 Nc6 {1-0 (54) Santos Latasa,J (2576)-Vallejo Pons,F (2707) Leon 2018}) 9... c5 10. h3 Bh5 11. Be2 ({White should play} 11. d5 $14) ({Predecessor:} 11. dxc5 dxc5 12. Na3 Nc6 13. c3 a6 14. Nc4 b5 15. Ne3 Qb6 {0-1 (47) Spangenberg,H (2510)-Zarnicki,P (2435) Buenos Aires 1994}) 11... Qb6 12. dxc5 dxc5 13. Nbd2 Rd8 14. Qc1 Nd5 15. Bg3 Qh6 16. Nb3 Qxc1 17. Raxc1 Nc6 18. Rcd1 Rac8 19. c3 a6 20. Rd2 Nf6 21. Rxd8+ Nxd8 22. Rd1 Ne6 23. Na5 b5 24. Bd6 Kf8 25. g4 Bg6 $1 26. Ne5 Be4 27. f3 Ba8 28. g5 (28. c4 $11) 28... Nxg5 $17 29. h4 Ne6 30. a4 {[#]} c4 $1 (30... bxa4 31. Bxe7+ Kxe7 32. Bxa6 $11) 31. Kf2 Nd5 32. Bxe7+ Kxe7 ({Don't take} 32... Nxe7 33. Nd7+ Ke8 34. Nb6 $17) 33. axb5 axb5 34. Bf1 (34. Nac6+ $17 Bxc6 35. Nxc6+ Rxc6 36. Rxd5) 34... f6 $19 35. Nec6+ Rxc6 ({Not} 35... Bxc6 36. Nxc6+ Rxc6 37. Rxd5 $17) 36. Rxd5 Rc5 37. Rd2 Rf5 38. Be2 Nf4 39. Bd1 (39. b3 $142) 39... Rd5 40. Rxd5 Nxd5 {[%mdl 4096] Endgame KBN-KBN} 41. Bc2 g6 42. h5 f5 ({Don't play} 42... gxh5 43. Bxh7 Kd6 44. Be4 $19) 43. hxg6 hxg6 44. Ke2 (44. Bb1 $142) 44... Kd6 45. b3 Kc5 46. Kd2 Ne7 47. Ke3 g5 48. Bd1 (48. Bb1 $142 cxb3 {[%mdl 64] Overworked Piece} 49. Nxb3+ Kc4 {[%mdl 64] Double Attack} 50. Nc1 Kxc3 51. Ne2+ Kb2 52. Bd3 f4+ 53. Kd2) 48... f4+ 49. Kd2 Kb6 50. b4 Kc7 51. Be2 Nf5 52. Ke1 Ne3 53. Kf2 Bd5 54. Kg1 Kd6 55. Kf2 Ke5 56. Ke1 Kf5 57. Kf2 g4 58. fxg4+ Nxg4+ 59. Bxg4+ Kxg4 {KB-KN. Black mates.} 60. Ke2 Kg3 61. Kf1 f3 62. Nc6 Bxc6 63. Ke1 f2+ 64. Kd2 f1=Q 65. Kc2 Be4+ 66. Kb2 Qb1+ 67. Ka3 Qb3# {Accuracy: White = 41%, Black = 72%.} 0-1

[Event "2nd Kalyan Dombivali 2019"]
[Site "Kalyan"]
[Date "2019.02.01"]
[Round "7"]
[White "Soni Deepak R"]
[Black "Shreyas Ghadi"]
[Result "0-1"]
[WhiteElo "1425"]
[BlackElo "1653"]
[Annotator "NA RC"]
[PlyCount "64"]
[EventDate "2019.01.28"]
[EventType "swiss"]
[EventRounds "10"]
[EventCountry "IND"]
[SourceTitle "playchess.com"]
[Source "ChessBase"]
[SourceQuality "1"]
[TimeControl "5400+30"]

1. d4 {[%emt 0:02:39]} Nf6 {[%emt 0:00:00]} 2. Nf3 {[%emt 0:00:06]} e6 {[%emt 0:00:00]} 3. Bf4 {[%emt 0:00:45]} b6 {[%emt 0:00:09]} 4. e3 {[%emt 0:00:15]} Bb7 {[%emt 0:00:07]} 5. Nbd2 {[%emt 0:02:07]} c5 {[%emt 0:00:56]} 6. c3 {[%emt 0:02:30]} Nc6 {[%emt 0:00:59]} 7. Bd3 {[%emt 0:06:03]} Be7 {[%emt 0:05:01]} 8. h3 {[%emt 0:04:41]} O-O {[%emt 0:01:01]} 9. Rc1 {[%emt 0:02:02]} h6 {[%emt 0:02:31]} 10. Bb1 {[%emt 0:02:44]} Nd5 {[%emt 0:04:45]} 11. Bh2 {[%emt 0:01:46]} Rc8 {[%emt 0:05:32]} 12. e4 {[%emt 0:05:28]} Nc7 {[%emt 0:03:25]} 13. Qc2 {[%emt 0:07:42]} cxd4 {[%emt 0:01:19]} 14. Bxc7 {[%emt 0:06:52]} Qxc7 {[%emt 0:02:23]} 15. cxd4 {[%emt 0:01:55]} Qb8 {[%emt 0:01:22]} 16. Qd1 {[%emt 0:05:12]} Ba6 {[%emt 0:03:01]} 17. a3 {[%emt 0:05:24]} d5 {[%emt 0:03:18]} 18. Rc3 {[%emt 0:03:38]} e5 {[%emt 0:30:49]} 19. Bd3 {[%emt 0:13:23]} Bxd3 {[%emt 0:11:13]} 20. Rxd3 {[%emt 0:01:14]} dxe4 {[%emt 0:00:03]} 21. Nxe4 {[%emt 0:02:33]} f5 {[%emt 0:00:08]} 22. Ng3 {[%emt 0:02:42]} e4 {[%emt 0:00:13]} 23. d5 {[%emt 0:00:39]} Na5 {[%emt 0:06:11]} 24. Re3 {[%emt 0:02:05]} Bc5 {[%emt 0:01:26]} 25. Nd4 {[%emt 0:02:10]} f4 {[%emt 0:00:21]} 26. Ngf5 {[%emt 0:05:31]} fxe3 {[%emt 0:00:41]} 27. Qg4 {[%emt 0:03:28]} Qe5 {[%emt 0:02:12]} 28. Nxh6+ {[%emt 0:05:44]} Kh7 {[%emt 0:00:53]} 29. Nhf5 {[%emt 0:01:00]} Bxd4 {[%emt 0:01:51]} 30. Qh4+ {[%emt 0:00:49]} Kg8 {[%emt 0:01:07]} 31. Ne7+ {[%emt 0:00:59]} Qxe7 {[%emt 0:00:04]} 32. Qxe7 {[%emt 0:01:14]} Rc1+ {[%emt 0:00:06]} 0-1

[Event "2nd Kalyan Dombivali 2019"]
[Site "Kalyan"]
[Date "2019.02.01"]
[Round "7"]
[White "Agarwal Shyam"]
[Black "Chhabra Aakash"]
[Result "0-1"]
[WhiteElo "1409"]
[BlackElo "1619"]
[Annotator "NA"]
[PlyCount "152"]
[EventDate "2019.01.28"]
[EventType "swiss"]
[EventRounds "10"]
[EventCountry "IND"]
[SourceTitle "playchess.com"]
[Source "ChessBase"]
[SourceQuality "1"]
[TimeControl "5400+30"]

1. e4 {[%emt 0:00:00]} e6 {[%emt 0:00:00]} 2. d4 {[%emt 0:00:00]} d5 {[%emt 0:00:00]} 3. exd5 {[%emt 0:00:01]} exd5 {[%emt 0:00:00]} 4. Nf3 {[%emt 0:00:21]} Bd6 {[%emt 0:00:17]} 5. Bd3 {[%emt 0:00:34]} Ne7 {[%emt 0:00:10]} 6. O-O {[%emt 0:01:22]} O-O {[%emt 0:00:32]} 7. Re1 {[%emt 0:00:45]} Bf5 {[%emt 0:02:00]} 8. Be3 {[%emt 0:04:34]} Nbc6 {[%emt 0:10:29]} 9. c3 {[%emt 0:02:07]} Qd7 {[%emt 0:02:20]} 10. Qc2 {[%emt 0:03:22]} Rae8 {[%emt 0:02:26]} 11. Nbd2 {[%emt 0:01:24]} Bg6 {[%emt 0:03:42]} 12. Nh4 {[%emt 0:08:24]} Bxd3 {[%emt 0:09:29]} 13. Qxd3 {[%emt 0:00:13]} Nd8 {[%emt 0:01:48]} 14. Nf1 {[%emt 0:03:24]} h6 {[%emt 0:04:22]} 15. Ng3 f5 {[%emt 0:01:40]} 16. f4 {[%emt 0:11:38]} g6 {[%emt 0:11:11]} 17. Nf3 {[%emt 0:03:44]} Ne6 {[%emt 0:03:47]} 18. Ne5 {[%emt 0:03:51]} Bxe5 {[%emt 0:00:39]} 19. dxe5 {[%emt 0:00:35]} c5 {[%emt 0:04:00]} 20. b4 {[%emt 0:09:12]} b6 {[%emt 0:02:20]} 21. bxc5 {[%emt 0:02:27]} bxc5 {[%emt 0:00:08]} 22. Rab1 {[%emt 0:00:47]} Rb8 {[%emt 0:00:37]} 23. Ne2 {[%emt 0:02:45]} Kf7 {[%emt 0:02:34]} 24. Qd2 {[%emt 0:06:28]} Qc7 {[%emt 0:00:56]} 25. Rb3 {[%emt 0:05:07]} Rb6 {[%emt 0:00:37]} 26. Reb1 {[%emt 0:01:32]} Rfb8 {[%emt 0:00:51]} 27. Nc1 {[%emt 0:01:51]} Rxb3 {[%emt 0:01:27]} 28. Rxb3 {[%emt 0:02:58]} Rb6 {[%emt 0:02:43]} 29. g3 {[%emt 0:04:18]} Qc6 {[%emt 0:04:59]} 30. Ne2 {[%emt 0:01:52]} Qb7 {[%emt 0:02:49]} 31. Qb2 {[%emt 0:01:53]} Qa6 {[%emt 0:00:45]} 32. h3 {[%emt 0:02:36]} h5 {[%emt 0:05:13]} 33. Nc1 {[%emt 0:02:57]} Nc8 {[%emt 0:05:33]} 34. Qd2 {[%emt 0:01:27]} Qc4 {[%emt 0:01:24]} 35. Qe2 {[%emt 0:01:45]} Qxe2 {[%emt 0:00:13]} 36. Nxe2 {[%emt 0:00:19]} Ke7 {[%emt 0:00:28]} 37. Kf2 {[%emt 0:00:34]} Kd7 {[%emt 0:00:22]} 38. Ke1 {[%emt 0:00:49]} Kc6 {[%emt 0:00:22]} 39. Kd2 {[%emt 0:00:44]} Ra6 {[%emt 0:00:57]} 40. Nc1 {[%emt 0:01:50]} Nb6 {[%emt 0:00:25]} 41. Bf2 {[%emt 0:01:17]} Nc4+ {[%emt 0:00:12]} 42. Ke2 {[%emt 0:01:20]} Rb6 {[%emt 0:01:18]} 43. Kd1 {[%emt 0:01:13]} a5 {[%emt 0:01:03]} 44. h4 {[%emt 0:01:04]} a4 {[%emt 0:00:17]} 45. Rxb6+ {[%emt 0:00:04]} Kxb6 {[%emt 0:00:16]} 46. Kc2 {[%emt 0:00:38]} Kb5 {[%emt 0:01:14]} 47. Kd3 {[%emt 0:00:52]} Kc6 {[%emt 0:01:03]} 48. Kc2 {[%emt 0:00:27]} Na5 {[%emt 0:00:31]} 49. Kd3 {[%emt 0:00:43]} Nb7 {[%emt 0:00:13]} 50. Kc2 {[%emt 0:00:46]} d4 {[%emt 0:01:09]} 51. c4 {[%emt 0:01:23]} Na5 {[%emt 0:00:22]} 52. Kd3 {[%emt 0:00:27]} a3 {[%emt 0:01:44]} 53. Be1 {[%emt 0:00:28]} Nb7 {[%emt 0:00:13]} 54. Nb3 {[%emt 0:00:33]} Kb6 {[%emt 0:01:03]} 55. Bd2 {[%emt 0:00:23]} Ka6 {[%emt 0:01:41]} 56. Bc1 {[%emt 0:00:17]} Na5 {[%emt 0:00:47]} 57. Nd2 {[%emt 0:00:26]} Kb6 {[%emt 0:01:57]} 58. Bxa3 {[%emt 0:00:13]} Nf8 {[%emt 0:01:24]} 59. Nf3 {[%emt 0:01:31]} Ne6 {[%emt 0:00:07]} 60. Ng5 {[%emt 0:00:34]} Nxg5 {[%emt 0:00:40]} 61. hxg5 {[%emt 0:00:06]} Nc6 {[%emt 0:00:38]} 62. Bb2 {[%emt 0:00:31]} Nd8 {[%emt 0:00:25]} 63. Bc1 {[%emt 0:00:15]} Ne6 {[%emt 0:00:09]} 64. Bd2 {[%emt 0:00:13]} Ka6 {[%emt 0:00:24]} 65. a4 {[%emt 0:00:22]} Nf8 {[%emt 0:00:36]} 66. Kc2 {[%emt 0:00:26]} Ne6 {[%emt 0:00:09]} 67. Kb3 {[%emt 0:00:41]} Kb6 {[%emt 0:00:24]} 68. a5+ {[%emt 0:00:39]} Ka6 {[%emt 0:00:18]} 69. Ka4 {[%emt 0:01:08]} Nd8 {[%emt 0:01:07]} 70. Bc1 {[%emt 0:01:44]} Ne6 {[%emt 0:00:07]} 71. Ba3 {[%emt 0:00:59]} d3 {[%emt 0:01:54]} 72. Bc1 {[%emt 0:00:16]} Nd4 {[%emt 0:01:28]} 73. Bd2 {[%emt 0:00:10]} Kb7 {[%emt 0:00:31]} 74. Bc3 {[%emt 0:00:54]} Ka6 {[%emt 0:00:24]} 75. Bxd4 {[%emt 0:00:30]} d2 {[%emt 0:00:08]} 76. Bxc5 {[%emt 0:00:30]} d1=Q+ {[%emt 0:00:11]} 0-1

[Event "2nd Kalyan Dombivali 2019"]
[Site "Kalyan"]
[Date "2019.02.01"]
[Round "7"]
[White "Shrey Nilkant"]
[Black "Satkar, Chirag"]
[Result "1/2-1/2"]
[WhiteElo "1371"]
[BlackElo "2071"]
[Annotator "NA RC"]
[PlyCount "57"]
[EventDate "2019.01.28"]
[EventType "swiss"]
[EventRounds "10"]
[EventCountry "IND"]
[SourceTitle "playchess.com"]
[Source "ChessBase"]
[SourceQuality "1"]
[TimeControl "5400+30"]

{[%evp 17,53,20,39,16,32767,0,9,-2,197,32767,195,177,220,86,81,79,91,77,99,76,78,32767,102,91,80,50,62,76,68,0,29,-43,32767,32767,95,81,82,96]} 1. e4 {[%emt 0:00:00]} e5 {[%emt 0:00:00]} 2. Nf3 {[%emt 0:00:00]} Nc6 {[%emt 0:00:00]} 3. Bc4 {[%emt 0:00:00]} Nf6 {[%emt 0:00:00]} 4. d3 {[%emt 0:00:07]} h6 {[%emt 0:00:00]} 5. c3 {[%emt 0:00:09]} d6 {[%emt 0:00:12]} 6. O-O {[%emt 0:00:19]} g6 {[%emt 0:00:17]} 7. Bb3 {[%emt 0:00:26]} Bg7 {[%emt 0:00:11]} 8. Nbd2 {[%emt 0:00:31]} O-O {[%emt 0:00:20]} 9. Re1 {[%emt 0:00:43]} a6 {[%emt 0:06:55]} 10. h3 {[%emt 0:02:03] LiveBook: 4 Games} d5 {[%emt 0:03:19]} 11. exd5 {[%emt 0:02:17]} Nxd5 {[%emt 0:00:06]} 12. Ne4 {[%emt 0:02:30]} Re8 $2 {[%emt 0:01:52] [#]} (12... f5 $11 {and Black stays safe.}) 13. Bxh6 $1 {[%emt 0:05:39]} Bxh6 {[%emt 0:05:12]} 14. Bxd5 $1 {[%emt 0:00:09]} Kg7 {[%emt 0:05:31]} 15. Bb3 {[%emt 0:06:25]} (15. Bxc6 $18 {has better winning chances.} bxc6 16. Qa4) 15... f5 {[%emt 0:02:11] [#]} 16. Ng3 $1 {[%emt 0:01:43]} Bd7 {[%emt 0:00:39]} 17. a3 {[%emt 0:15:25]} Qf6 {[%emt 0:01:40]} 18. Qc2 {[%emt 0:06:22]} Rad8 {[%emt 0:03:27]} 19. Rad1 {[%emt 0:05:39]} Kh7 {[%emt 0:03:00]} 20. Ba2 {[%emt 0:10:05]} Bc8 {[%emt 0:02:15]} 21. Qa4 {[%emt 0:08:32]} b5 {[%emt 0:06:02]} 22. Qc2 {[%emt 0:03:52]} Bb7 {[%emt 0:02:19]} 23. Qb3 {[%emt 0:06:57]} Kg7 {[%emt 0:02:59]} 24. d4 {[%emt 0:11:31]} (24. a4 $11) 24... e4 {[%emt 0:10:59]} 25. Ne5 {[%emt 0:01:31]} Bf4 {[%emt 0:00:53] [#]} (25... Nxe5 $15 26. dxe5 Qe7) 26. Qf7+ $1 {[%emt 0:02:13]} Qxf7 {[%emt 0:00:26]} 27. Nxf7 $16 {[%emt 0:01:23]} (27. Bxf7 $2 Nxe5 28. Bxe8 Nd3 $17 {[%mdl 64] Double Attack}) 27... Rd7 28. Ne2 Bd6 29. Nxd6 1/2-1/2

[Event "2nd Kalyan Dombivali 2019"]
[Site "Kalyan"]
[Date "2019.02.01"]
[Round "7"]
[White "Jadhav Jyotiraditya"]
[Black "Govind Prabhu Mah"]
[Result "0-1"]
[WhiteElo "1358"]
[BlackElo "1601"]
[Annotator "NA"]
[PlyCount "104"]
[EventDate "2019.01.28"]
[EventType "swiss"]
[EventRounds "10"]
[EventCountry "IND"]
[SourceTitle "playchess.com"]
[Source "ChessBase"]
[SourceQuality "1"]
[TimeControl "5400+30"]

1. d4 {[%emt 0:00:00]} Nf6 {[%emt 0:08:07]} 2. c4 {[%emt 0:00:00]} e5 {[%emt 0:00:16]} 3. dxe5 {[%emt 0:00:01]} Ng4 {[%emt 0:00:02]} 4. Nf3 {[%emt 0:00:08]} Bc5 {[%emt 0:00:07]} 5. e3 {[%emt 0:00:30]} Nc6 {[%emt 0:00:06]} 6. Be2 {[%emt 0:01:08]} O-O {[%emt 0:00:11]} 7. O-O {[%emt 0:01:07]} Re8 {[%emt 0:00:04]} 8. b3 {[%emt 0:02:33]} Ngxe5 {[%emt 0:00:19]} 9. Bb2 {[%emt 0:01:36]} a5 {[%emt 0:00:17]} 10. a3 {[%emt 0:03:23]} Nxf3+ {[%emt 0:00:21]} 11. Bxf3 {[%emt 0:00:05]} Ne5 {[%emt 0:00:08]} 12. Nd2 {[%emt 0:02:48]} Ra6 {[%emt 0:01:37]} 13. Qc2 {[%emt 0:12:33]} Rh6 {[%emt 0:02:05]} 14. Bxe5 {[%emt 0:15:30]} Rxe5 {[%emt 0:00:39]} 15. Rfd1 {[%emt 0:02:33]} Qh4 {[%emt 0:03:27]} 16. Nf1 {[%emt 0:01:12]} d6 {[%emt 0:00:13]} 17. Rd5 {[%emt 0:02:58]} Re8 {[%emt 0:04:51]} 18. Qc3 {[%emt 0:05:22]} Bb6 {[%emt 0:03:12]} 19. Rad1 {[%emt 0:08:59]} f5 {[%emt 0:22:47]} 20. R5d2 {[%emt 0:07:28]} f4 {[%emt 0:02:22]} 21. exf4 {[%emt 0:06:12]} Qxf4 {[%emt 0:01:17]} 22. b4 {[%emt 0:02:40]} axb4 {[%emt 0:04:39]} 23. axb4 {[%emt 0:00:12]} c6 {[%emt 0:00:08]} 24. c5 {[%emt 0:10:05]} dxc5 {[%emt 0:04:22]} 25. bxc5 {[%emt 0:00:07]} Bc7 {[%emt 0:00:33]} 26. Rd4 {[%emt 0:01:16]} Qf6 {[%emt 0:07:44]} 27. Qd2 {[%emt 0:03:51]} Rf8 {[%emt 0:03:18]} 28. Bg4 {[%emt 0:03:08]} Bxg4 {[%emt 0:17:14]} 29. Rxg4 {[%emt 0:00:08]} Rh5 {[%emt 0:00:26]} 30. Rc4 {[%emt 0:01:54]} Rd5 {[%emt 0:00:45]} 31. Qa2 {[%emt 0:01:11]} Kh8 {[%emt 0:08:46]} 32. Rxd5 {[%emt 0:00:33]} cxd5 {[%emt 0:00:01]} 33. Rc2 {[%emt 0:00:17]} d4 {[%emt 0:00:12]} 34. Rd2 {[%emt 0:00:40]} Rd8 {[%emt 0:01:17]} 35. Qb2 {[%emt 0:01:13]} Ba5 {[%emt 0:02:52]} 36. Rd3 {[%emt 0:00:33]} b6 {[%emt 0:01:17]} 37. cxb6 {[%emt 0:00:29]} Bxb6 {[%emt 0:00:10]} 38. Nd2 {[%emt 0:00:43]} h6 {[%emt 0:00:51]} 39. h3 {[%emt 0:01:09]} Rc8 {[%emt 0:01:03]} 40. Nb3 {[%emt 0:00:53]} Rc3 {[%emt 0:00:24]} 41. Rxc3 {[%emt 0:01:02]} dxc3 {[%emt 0:00:01]} 42. Qc2 {[%emt 0:00:08]} Qe5 {[%emt 0:00:21]} 43. Kf1 {[%emt 0:01:32]} Qb5+ {[%emt 0:00:17]} 44. Kg1 {[%emt 0:00:17]} Qc4 {[%emt 0:00:35]} 45. Nc1 {[%emt 0:00:44]} Qd4 {[%emt 0:01:21]} 46. Nd3 {[%emt 0:00:23]} Bd8 {[%emt 0:00:22]} 47. Nc1 {[%emt 0:00:54]} Qd2 {[%emt 0:00:30]} 48. Qb1 {[%emt 0:00:56]} Qe1+ {[%emt 0:00:41]} 49. Kh2 {[%emt 0:00:19]} Bc7+ {[%emt 0:00:01]} 50. g3 {[%emt 0:00:19]} Qxf2+ {[%emt 0:00:02]} 51. Kh1 {[%emt 0:00:04]} Bxg3 {[%emt 0:00:36]} 52. Qa2 {[%emt 0:00:09]} Qf1# {[%emt 0:00:00]} 0-1

[Event "2nd Kalyan Dombivali 2019"]
[Site "Kalyan"]
[Date "2019.02.01"]
[Round "7"]
[White "Gurav Sanmil"]
[Black "Kelaskar, Chinmay"]
[Result "1/2-1/2"]
[WhiteElo "1311"]
[BlackElo "1764"]
[Annotator "NA RC"]
[PlyCount "49"]
[EventDate "2019.01.28"]
[EventType "swiss"]
[EventRounds "10"]
[EventCountry "IND"]
[SourceTitle "playchess.com"]
[Source "ChessBase"]
[SourceQuality "1"]
[TimeControl "5400+30"]

1. e4 {[%emt 0:00:00]} c5 {[%emt 0:00:00]} 2. Nc3 {[%emt 0:00:00]} Nc6 {[%emt 0:00:00]} 3. f4 {[%emt 0:00:00]} g6 {[%emt 0:00:01]} 4. Nf3 {[%emt 0:00:00]} Bg7 {[%emt 0:00:08]} 5. d3 {[%emt 0:00:14]} e6 {[%emt 0:00:10]} 6. g3 {[%emt 0:00:23]} Nge7 {[%emt 0:00:12]} 7. Bg2 {[%emt 0:00:10]} a6 {[%emt 0:00:50]} 8. a4 {[%emt 0:00:14]} Rb8 {[%emt 0:00:19]} 9. O-O {[%emt 0:00:29]} Nd4 {[%emt 0:01:01]} 10. Ne2 {[%emt 0:03:20]} Nec6 {[%emt 0:01:16]} 11. c3 {[%emt 0:04:04]} Nxf3+ {[%emt 0:03:27]} 12. Bxf3 {[%emt 0:00:28]} d6 {[%emt 0:01:56]} 13. Be3 {[%emt 0:03:42]} O-O {[%emt 0:07:14]} 14. Bg2 {[%emt 0:09:46]} Qc7 {[%emt 0:02:26]} 15. Rc1 {[%emt 0:17:42]} b5 {[%emt 0:04:34]} 16. b4 {[%emt 0:11:02]} Ne7 {[%emt 0:12:36]} 17. d4 {[%emt 0:06:13]} Rd8 {[%emt 0:01:10]} 18. a5 {[%emt 0:02:27]} c4 {[%emt 0:13:23]} 19. Qe1 {[%emt 0:11:37]} f5 {[%emt 0:04:52]} 20. e5 {[%emt 0:01:44]} Bb7 {[%emt 0:02:12]} 21. Qf2 {[%emt 0:06:43]} Rd7 {[%emt 0:04:27]} 22. h4 {[%emt 0:04:34]} Bd5 {[%emt 0:00:50]} 23. Kh2 {[%emt 0:02:37]} Kf7 {[%emt 0:00:17]} 24. Ng1 {[%emt 0:02:49]} h5 {[%emt 0:04:33]} 25. Nf3 {[%emt 0:00:56]} 1/2-1/2

[Event "2nd Kalyan Dombivali 2019"]
[Site "Kalyan"]
[Date "2019.02.02"]
[Round "8"]
[White "Gusain, Himal"]
[Black "Kulkarni, Vikramaditya"]
[Result "0-1"]
[WhiteElo "2371"]
[BlackElo "2345"]
[Annotator "TA"]
[PlyCount "76"]
[EventDate "2019.01.28"]
[EventType "swiss"]
[EventRounds "10"]
[EventCountry "IND"]
[SourceTitle "playchess.com"]
[Source "ChessBase"]
[SourceQuality "1"]

{[%evp 10,76,0,0,10,12,12,15,34,1,6,-13,-6,-29,-29,-39,50,0,0,0,0,0,36,-448,-447,-463,-470,-453,-450,-510,-510,-509,-498,-494,-340,-487,-497,-492,-320,-316,-324,-324,-308,-325,-317,-316,-332,-377,-368,-391,-329,-337,-258,-524,-507,-571,-536,-833,-830,-841,-822,-1533,-889,-1858,-1846,-29984,-29985,-29985,-29986]} 1. e4 e6 2. d4 d5 3. Nc3 Nf6 4. e5 Nfd7 5. f4 c5 6. Nf3 Be7 {C11: French: Classical System: 4 e5 and 4 Bg5 dxe4} (6... Nc6 7. Be3 Qb6 8. Na4 Qa5+ 9. c3 b6 10. Bd2 c4 11. b4 Qa6 12. Be2 Be7 13. O-O f5 14. Qc2 O-O 15. Kh1 Qb7 16. Rg1 Rf7 17. g4 b5 18. gxf5 Rxf5 19. Nc5 Nxc5 20. bxc5 {0-1 (57) Karjakin,S (2773)-Duda,J (2737) chess.com INT 2018}) 7. Be3 O-O 8. Qd2 b6 {[%cal Bb7b6,Bb6b5,Bb5b4][%mdl 32] The position is equal.} 9. Bb5 Bb7 $146 ({Predecessor:} 9... Ba6 10. Bxa6 Nxa6 11. O-O Nb4 12. Ne2 Nc6 13. g4 f5 14. gxf5 Rxf5 15. Ng3 Rf8 16. c3 c4 17. Kh1 g6 {½-½ (17) Klausch,U (1837)-Bildat,J (2044) Hamburg 2014}) 10. O-O-O c4 11. g4 a6 12. Bxd7 $1 Qxd7 (12... Nxd7 $15 13. a3 b5) 13. Rdf1 b5 14. f5 b4 $36 {[%mdl 2048] White is under pressure.} 15. Nd1 b3 ({Much worse is} 15... exf5 16. gxf5 c3 17. bxc3 $14) 16. Ng5 $2 {[%mdl 8192]} (16. Nc3 $14 {keeps the upper hand.}) 16... bxa2 $19 {[%cal Ra2a1]} 17. Qa5 Qd8 18. Qxa2 Bxg5 19. h4 Bxe3+ 20. Nxe3 Nc6 {[%cal Bb8c6,Bc6a5,Ba5b3][%mdl 32]} 21. c3 Na5 22. Qb1 (22. f6 $142) 22... Nb3+ 23. Kd1 exf5 24. gxf5 {and the idea f6 leaves White hopeful.} f6 {White must now prevent ...fxe5.} 25. e6 a5 {[%cal Ba6a5,Ba5a4][%mdl 32]} 26. h5 {White hopes to continue with h6.} h6 27. Ke2 a4 28. Nc2 Qd6 29. Rf3 Rfe8 30. Qg1 Bc8 31. Rh2 $2 {[#]} (31. Qg3 {was called for.} Qb8 32. Qxb8 Rxb8 33. Rf2) 31... Nc1+ $1 {[%mdl 512]} 32. Kd2 (32. Qxc1 Qxh2+) 32... Nd3 33. Re2 Rb8 34. Qg6 Re7 35. Rg2 Kh8 36. Qg4 Rxb2 37. Qh4 {[#]} Rxc2+ $1 38. Kxc2 Qa3 {Accuracy: White = 29%, Black = 44%.} 0-1

[Event "2nd Kalyan Dombivali 2019"]
[Site "Kalyan"]
[Date "2019.02.02"]
[Round "8"]
[White "Ramnathan, Balasubramaniam"]
[Black "Bhat Sanjay"]
[Result "1-0"]
[WhiteElo "2191"]
[BlackElo "1597"]
[Annotator "TA"]
[PlyCount "73"]
[EventDate "2019.01.28"]
[EventType "swiss"]
[EventRounds "10"]
[EventCountry "IND"]
[SourceTitle "playchess.com"]
[Source "ChessBase"]
[SourceQuality "1"]

{[%evp 9,73,17,15,13,16,22,16,14,25,7,22,7,28,18,25,17,23,17,20,3,38,19,16,16,20,16,25,27,31,5,28,-35,42,0,0,-9,22,29,37,26,33,29,59,79,73,40,64,43,45,20,94,67,193,196,208,189,174,188,234,212,222,107,262,268,29988,632]} 1. Nf3 Nf6 $146 (1... d5 2. g3 Nf6 3. Bg2 Bf5 4. O-O e6 5. b3 Be7 6. Bb2 O-O 7. d3 c5 8. Nbd2 h6 9. Re1 Nc6 10. e4 {0-1 (28) Caruana,F (2822)-Aronian,L (2767) chess.com INT 2018}) ({Predecessor:} 1... d5 2. g3 Nf6 3. Bg2 Bf5 4. O-O e6 5. d3 Be7 6. Nbd2 h6 7. b3 O-O 8. Bb2 c5 9. Re1 Nc6 10. e4 {0-1 (43) Bezgodova,S (2235)-Vasilevich,I (2179) Protvino 2001}) 2. b3 d5 3. Bb2 Bf5 4. g3 h6 5. Bg2 e6 6. d3 {A06: Réti Opening:1 Nf3 d5} c5 7. Nbd2 Nc6 8. O-O {The position is equal.} Be7 9. Re1 Bh7 10. e4 O-O 11. Ne5 Nxe5 12. Bxe5 Nd7 13. Bb2 Bf6 14. e5 (14. Bxf6 Nxf6 15. e5 Nd7 16. h4 Qa5 {0-1 (28) Caruana,F (2822)-Aronian,L (2767) chess.com INT 2018}) 14... Be7 15. Qe2 Qc7 16. c4 d4 ({Predecessor:} 16... dxc4 17. dxc4 {0-1 (43) Bezgodova,S (2235)-Vasilevich,I (2179) Protvino 2001}) 17. f4 Rae8 18. Ne4 Kh8 19. b4 b6 20. Rab1 ({White should play} 20. b5 $11) 20... Rd8 ({Better is} 20... cxb4 $15 21. Bxd4 Nc5) 21. bxc5 Nxc5 22. Qc2 Qd7 23. Nxc5 Bxc5 24. Qb3 Bf5 25. a4 g5 26. fxg5 hxg5 27. Be4 Bg4 28. Bc1 Qe7 $1 29. Bd2 Kg7 (29... f6 $11 {remains equal.}) 30. Rf1 $16 Bh3 (30... f5 $14 31. exf6+ Rxf6) 31. Rf2 $18 Rh8 32. Qd1 Rdg8 33. a5 Rb8 34. axb6 Rxb6 35. Rxb6 (35. Ra1 $1 $18 {has better winning chances.}) 35... Bxb6 $2 (35... axb6 $16 36. Kh1 Rh6) 36. Qf3 $1 Rh6 $2 {[#]} (36... g4 $18 37. Qf4 Bc5) 37. Bb4 {Accuracy: White = 33%, Black = 32%.} (37. Bxg5 $142 $1 {[%mdl 512]} Bc7 (37... Qxg5 38. Qxf7+) 38. Bxe7 f5 39. exf6+ Kf7 40. g4 Bd6 41. Bxd6 Rh4 {[#]} 42. Bf5 $1 {[%mdl 512]}) 1-0